000 00257nam a22001097a 4500
008 170118b xxu||||| |||| 00| 0 eng d
020 _a9780833090966
041 _aeng
080 _a618.2
245 _aRESCUING DOWNED AIRCREWS
_cMOUTON, CH.A
942 _2udc
_cBK
999 _c3057
_d3057